[Event "2nd China Binhai Open 2020"]
[Site "Tianjin"]
[Date "2020.01.13"]
[Round "1.27"]
[White "Zhang, Xiao"]
[Black "Xu, Zicheng"]
[Result "1-0"]
[WhiteElo "2199"]
[BlackElo "1448"]
[PlyCount "95"]
[EventDate "2020.01.13"]
[EventType "swiss"]
[EventRounds "9"]
[EventCountry "CHN"]
[TimeControl "5400+30"]

1. d4 d5 2. Nf3 Nf6 3. g3 Bf5 4. Bg2 e6 5. c4 c6 6. Qb3 Qb6 7. c5 Qc7 8. Bf4 Qc8 9. Nc3 Nbd7 10. Nh4 Bg6 11. Nxg6 hxg6 12. e4 dxe4 13. Nxe4 Nxe4 14. Bxe4 Nf6 15. Bf3 Be7 16. O-O-O Qd7 17. Kb1 O-O 18. h4 Nd5 19. Bg5 Rfd8 20. Bxd5 exd5 21. Bxe7 Qxe7 22. h5 gxh5 23. Rxh5 g6 24. Re5 Qd7 25. Rde1 Re8 26. Qe3 Rxe5 27. Qxe5 Qh3 28. a3 Rd8 29. Ka2 a6 30. Qe7 Rd7 31. Qf6 Kf8 32. Re3 Qh6 33. g4 Qg7 34. Re8+ Kxe8 35. Qxg7 Re7 36. Qg8+ Kd7 37. Qb8 f5 38. Qxb7+ Kd8 39. Qxc6 fxg4 40. Qxd5+ Rd7 41. Qa8+ Ke7 42. d5 Kf6 43. c6 Rxd5 44. c7 Re5 45. c8=Q Rf5 46. Qd8+ Ke5 47. Qe7+ Kd4 48. Qae4# 1-0

[Event "2nd China Binhai Open 2020"]
[Site "Tianjin"]
[Date "2020.01.13"]
[Round "1.28"]
[White "Wang, Zeyu"]
[Black "Zhang, Lanlin"]
[Result "1/2-1/2"]
[WhiteElo "1395"]
[BlackElo "2173"]
[PlyCount "102"]
[EventDate "2020.01.13"]
[EventType "swiss"]
[EventRounds "9"]
[EventCountry "CHN"]
[TimeControl "5400+30"]

1. e4 c5 2. Nf3 d6 3. d4 cxd4 4. Qxd4 Nc6 5. Bb5 Bd7 6. Bxc6 Bxc6 7. Nc3 Nf6 8. Bg5 e6 9. O-O-O Be7 10. Qd3 a6 11. Nd4 Bd7 12. f4 Qc7 13. Rhe1 h6 14. Bxf6 gxf6 15. f5 O-O-O 16. fxe6 fxe6 17. Qf3 Kb8 18. Kb1 Qa5 19. Nb3 Qb6 20. Qe3 Qxe3 21. Rxe3 Rhg8 22. g3 Rg5 23. Nd4 Rc8 24. Nf3 Rgc5 25. e5 d5 26. exf6 Bxf6 27. Ne5 Be8 28. Nd3 R5c6 29. Ne5 R6c7 30. h4 h5 31. Rd2 Rc5 32. Nd3 d4 33. Rxe6 dxc3 34. Rde2 Rf5 35. Rxe8 cxb2 36. Rxc8+ Kxc8 37. Rf2 Rxf2 38. Nxf2 Kd7 39. Nd3 Ke6 40. Nf4+ Kf5 41. Nxh5 Be5 42. Nf4 a5 43. Nd3 Bxg3 44. h5 b5 45. Kxb2 Bh4 46. Kb3 Bf6 47. a4 bxa4+ 48. Kxa4 Kg5 49. Kxa5 Bc3+ 50. Ka4 Kxh5 51. Kb3 Bd4 1/2-1/2

[Event "2nd China Binhai Open 2020"]
[Site "Tianjin"]
[Date "2020.01.13"]
[Round "1.29"]
[White "Sun, Yidi"]
[Black "Sun, Haiyang"]
[Result "1-0"]
[WhiteElo "2168"]
[BlackElo "1324"]
[PlyCount "85"]
[EventDate "2020.01.13"]
[EventType "swiss"]
[EventRounds "9"]
[EventCountry "CHN"]
[TimeControl "5400+30"]

1. e4 e6 2. d4 d5 3. e5 c5 4. c3 Nc6 5. Nf3 Bd7 6. Be2 Rc8 7. O-O Nge7 8. Na3 Nf5 9. Nc2 Be7 10. a3 O-O 11. b4 c4 12. g4 Nh4 13. Nxh4 Bxh4 14. f4 Be7 15. Bf3 Qb6 16. Be3 Qc7 17. Qe2 Rce8 18. Qg2 f6 19. exf6 Rxf6 20. f5 Qd6 21. Rae1 Kh8 22. Qd2 exf5 23. Bf4 Qxf4 24. Qxf4 fxg4 25. Bxd5 Rxf4 26. Rxf4 Bd6 27. Rxe8+ Bxe8 28. Rxg4 b5 29. Re4 Bd7 30. Bxc6 Bxc6 31. Re6 Bxh2+ 32. Kxh2 Bd7 33. Rd6 Be8 34. Rd8 Kg8 35. Rxe8+ Kf7 36. Re1 h5 37. d5 g5 38. d6 g4 39. d7 h4 40. d8=Q g3+ 41. Kh3 Kg6 42. Re6+ Kf5 43. Qf6# 1-0

[Event "2nd China Binhai Open 2020"]
[Site "Tianjin"]
[Date "2020.01.13"]
[Round "1.30"]
[White "Zhu, Chenxi"]
[Black "Qiu, Mengjie"]
[Result "1/2-1/2"]
[WhiteElo "1286"]
[BlackElo "2167"]
[PlyCount "76"]
[EventDate "2020.01.13"]
[EventType "swiss"]
[EventRounds "9"]
[EventCountry "CHN"]
[TimeControl "5400+30"]

1. e4 c6 2. d4 d5 3. Nc3 dxe4 4. Nxe4 Bf5 5. Ng3 Bg6 6. h4 h6 7. Nf3 e6 8. h5 Bh7 9. Bd3 Bxd3 10. Qxd3 Nf6 11. Bd2 c5 12. Bc3 Nc6 13. O-O-O Be7 14. Qb5 Qb6 15. Qc4 O-O 16. dxc5 Qxc5 17. Qxc5 Bxc5 18. Bxf6 gxf6 19. Ne4 Be7 20. Rd7 f5 21. Nc3 b6 22. Rhd1 Bc5 23. R1d2 Rfd8 24. Nd1 Kg7 25. c3 a5 26. Ne5 Rxd7 27. Nxd7 Be7 28. Nxb6 Ra6 29. Nc4 Bg5 30. Nde3 f4 31. Nd1 f3 32. Nde3 fxg2 33. Rd1 Kf6 34. Kc2 Bxe3 35. Nxe3 Kg5 36. Nxg2 Kxh5 37. Kb3 Rb6+ 38. Ka3 Ne5 1/2-1/2

[Event "2nd China Binhai Open 2020"]
[Site "Tianjin"]
[Date "2020.01.13"]
[Round "1.31"]
[White "Li, Shanglin"]
[Black "Matsuoka, Junichiro"]
[Result "1-0"]
[WhiteElo "2020"]
[BlackElo "1216"]
[PlyCount "25"]
[EventDate "2020.01.13"]
[EventType "swiss"]
[EventRounds "9"]
[EventCountry "CHN"]
[TimeControl "5400+30"]

1. d4 Nf6 2. c4 e6 3. Nc3 d5 4. cxd5 exd5 5. Bg5 Be7 6. e3 c5 7. dxc5 Bxc5 8. Bxf6 Qxf6 9. Qxd5 Bb4 10. Bb5+ Nc6 11. Qe4+ Be7 12. Nd5 Qe6 13. Nxe7 1-0

[Event "2nd China Binhai Open 2020"]
[Site "Tianjin"]
[Date "2020.01.13"]
[Round "1.38"]
[White "Li, Konstantin N."]
[Black "Du, Yuxin"]
[Result "1/2-1/2"]
[WhiteElo "1454"]
[BlackElo "2073"]
[PlyCount "60"]
[EventDate "2020.01.13"]
[EventType "swiss"]
[EventRounds "9"]
[EventCountry "CHN"]
[TimeControl "5400+30"]

1. e4 c6 2. d4 d5 3. exd5 cxd5 4. Nf3 Nc6 5. Bb5 Bg4 6. h3 Bxf3 7. Qxf3 e6 8. Nd2 Qb6 9. Bxc6+ bxc6 10. Nb3 Nf6 11. O-O Be7 12. Qg3 O-O 13. Bh6 Ne8 14. Bg5 Bxg5 15. Qxg5 Nd6 16. Rab1 Ne4 17. Qe3 Qa6 18. a3 Rfb8 19. f3 Nd6 20. Nc5 Qc4 21. Qf4 Nf5 22. c3 Qa2 23. Nd3 Rb6 24. Ra1 Qc4 25. Ne5 Qe2 26. Rf2 Qe3 27. Qxe3 Nxe3 28. b4 a5 29. Rfa2 Nf5 30. Nd7 Rb7 1/2-1/2

[Event "2nd China Binhai Open 2020"]
[Site "Tianjin"]
[Date "2020.01.13"]
[Round "1.39"]
[White "Amilal Munkhdalai"]
[Black "Li, Yanzhe"]
[Result "1-0"]
[WhiteElo "2126"]
[BlackElo "1797"]
[PlyCount "81"]
[EventDate "2020.01.13"]
[EventType "swiss"]
[EventRounds "9"]
[EventCountry "CHN"]
[TimeControl "5400+30"]

1. e4 e5 2. Nf3 Nc6 3. Bb5 Nd4 4. Nxd4 exd4 5. d3 c6 6. Bc4 d5 7. exd5 cxd5 8. Bb5+ Bd7 9. Bxd7+ Qxd7 10. O-O Be7 11. Nd2 Nf6 12. Nf3 O-O 13. Nxd4 h6 14. Qf3 Rac8 15. Re1 Rfe8 16. Bd2 Bd6 17. Rxe8+ Rxe8 18. Nf5 Be5 19. c3 Qc7 20. h3 Bh2+ 21. Kh1 Be5 22. Re1 Bd6 23. Rxe8+ Nxe8 24. Qxd5 Qc6 25. Qxc6 bxc6 26. Nxd6 Nxd6 27. g3 Kh7 28. Kg2 Kg6 29. Kf3 Kf5 30. a4 a6 31. b4 h5 32. c4 Nb7 33. a5 g6 34. b5 axb5 35. a6 Nc5 36. a7 Nxd3 37. a8=Q bxc4 38. Bc3 g5 39. Qc8+ Kg6 40. Qg8+ Kh6 41. Qg7# 1-0

[Event "2nd China Binhai Open 2020"]
[Site "Tianjin"]
[Date "2020.01.13"]
[Round "1.47"]
[White "Hong, Xing"]
[Black "Zhang, Kevin W"]
[Result "1-0"]
[WhiteElo "1971"]
[BlackElo "1118"]
[PlyCount "47"]
[EventDate "2020.01.13"]
[EventType "swiss"]
[EventRounds "9"]
[EventCountry "CHN"]
[TimeControl "5400+30"]

1. e4 c5 2. Nf3 Nc6 3. d4 cxd4 4. Nxd4 Nf6 5. Nc3 e5 6. Ndb5 d6 7. Nd5 Nxd5 8. exd5 Ne7 9. c3 Nf5 10. Qa4 Bd7 11. Bd3 g6 12. Qb4 Be7 13. Bxf5 Bxf5 14. Bh6 a6 15. Na3 Rb8 16. O-O b5 17. f4 Qb6+ 18. Kh1 Bf6 19. Rae1 a5 20. Qb3 Qc5 21. c4 b4 22. Nb5 Bd7 23. Nxd6+ Ke7 24. fxe5 1-0

[Event "2nd China Binhai Open 2020"]
[Site "Tianjin"]
[Date "2020.01.13"]
[Round "1.49"]
[White "Lin Zhaochen"]
[Black "Zhang, Yichi"]
[Result "1/2-1/2"]
[WhiteElo "1934"]
[BlackElo "1638"]
[PlyCount "84"]
[EventDate "2020.01.13"]
[EventType "swiss"]
[EventRounds "9"]
[EventCountry "CHN"]
[TimeControl "5400+30"]

1. e4 e6 2. d4 d5 3. Nd2 c5 4. Ngf3 Nc6 5. exd5 exd5 6. Bb5 Bd6 7. dxc5 Bxc5 8. O-O Nge7 9. Nb3 Bb6 10. Re1 O-O 11. Be3 Bc7 12. Nbd4 Nxd4 13. Nxd4 Qd6 14. g3 Qd8 15. Bf1 Nf5 16. Bg2 Nxe3 17. Rxe3 Bb6 18. Rd3 Be6 19. Qd2 Qf6 20. c3 Rac8 21. Re1 Rfd8 22. Qe2 Rf8 23. Nxe6 fxe6 24. Rf3 Qe7 25. Qxe6+ Qxe6 26. Rxe6 Rxf3 27. Bxf3 Rd8 28. Re2 Rd7 29. Rd2 d4 30. c4 Bc5 31. Bd5+ Kf8 32. Rd1 a5 33. a3 b6 34. Rb1 Re7 35. b4 axb4 36. axb4 Bd6 37. Kf1 Re5 38. Rb2 g5 39. f3 h6 40. Kf2 Ke7 41. Rb3 Kf6 42. h3 Re7 1/2-1/2

[Event "2nd China Binhai Open 2020"]
[Site "Tianjin"]
[Date "2020.01.13"]
[Round "2.1"]
[White "Li, Yunshan"]
[Black "Sethuraman, S.P."]
[Result "0-1"]
[WhiteElo "2287"]
[BlackElo "2638"]
[Annotator "TA"]
[PlyCount "60"]
[EventDate "2020.01.13"]
[EventType "swiss"]
[EventRounds "9"]
[EventCountry "CHN"]

{[%evp 15,60,24,33,26,49,8,39,0,7,-2,0,-28,-15,-27,-37,-39,-40,-60,-67,-64,-63,-105,-85,-145,-120,-300,-297,-280,-278,-345,-263,-253,-239,-297,-297,-304,-289,-296,-297,-579,-595,-583,-593,-837,-812,-830,-831]} 1. d4 d6 2. Nf3 g6 3. c4 f5 4. Nc3 Nf6 5. g3 Bg7 6. Bg2 O-O 7. O-O c6 8. Rb1 a5 9. a3 {A88: Dutch Defence: Leningrad System: 5 Nf3 0-0 6 0-0 d6 7 Nc3 c6} Na6 10. b4 Nc7 $146 ({Predecessor:} 10... axb4 11. axb4 Nc7 12. Qc2 Qe8 13. Bf4 Nh5 14. c5 Nxf4 15. gxf4 Be6 16. e3 h6 {0-1 (48) Meier,G (2626)-Sethuraman,S (2638) Moscow 2019}) 11. Bb2 {White is slightly better.} Be6 12. Qd3 f4 13. Rbd1 axb4 14. axb4 Na6 15. Ba3 fxg3 16. fxg3 Nc5 $1 $36 {[%cal Rc5d3][%mdl 2048] Black fights for an advantage.} 17. dxc5 {[#] Black must now prevent Bc1.} Rxa3 18. Nd4 Bf7 {And now ...dxc5 would win.} 19. cxd6 (19. Nc2 $142 Rb3 20. Qd2) 19... exd6 20. Ra1 $2 (20. Nc2 $17 Rb3 21. Rb1 Rxb1 22. Rxb1) 20... Rxa1 $19 21. Rxa1 Ng4 22. e3 Qb6 {Threatens to win with ...Nxe3!} 23. Nc2 Ne5 24. Qe2 Nxc4 25. Qd3 Ne5 26. Qd2 Bb3 {...Bxc2 is the strong threat.} 27. Nd4 $2 (27. Na4 Qd8 28. Nd4) 27... Nc4 {Black is clearly winning.} 28. Qd3 {[#]} Nxe3 $1 {[%mdl 512]} 29. Nce2 (29. Qxe3 Bxd4) 29... Bc4 30. Qxe3 Bxe2 {[%mdl 64] Pin. Accuracy: White = 41%, Black = 81%.} 0-1

[Event "2nd China Binhai Open 2020"]
[Site "Tianjin"]
[Date "2020.01.13"]
[Round "2.2"]
[White "Zhou, Jianchao"]
[Black "Yan, Tianqi"]
[Result "1-0"]
[WhiteElo "2623"]
[BlackElo "2240"]
[Annotator "RC"]
[PlyCount "160"]
[EventDate "2020.01.13"]
[EventType "swiss"]
[EventRounds "9"]
[EventCountry "CHN"]
[TimeControl "5400+30"]
[WhiteClock "0:02:28"]
[BlackClock "0:02:47"]

1. d4 {[%emt 0:04:27]} Nf6 {[%emt 0:00:00]} 2. c4 {[%emt 0:00:05]} e6 {[%emt 0:00:00]} 3. Nf3 {[%emt 0:00:03]} d5 {[%emt 0:00:00]} 4. Nc3 {[%emt 0:00:05]} Bb4 {[%emt 0:00:07]} 5. Qa4+ {[%emt 0:00:08]} Nc6 {[%emt 0:00:07]} 6. e3 {[%emt 0:00:05]} O-O {[%emt 0:01:12]} 7. Bd2 {[%emt 0:00:18]} Qe7 {[%emt 0:05:45]} 8. a3 {[%emt 0:01:59]} Bxc3 {[%emt 0:00:40]} 9. Bxc3 {[%emt 0:00:10]} Ne4 {[%emt 0:01:34]} 10. Qc2 {[%emt 0:00:34]} Re8 {[%emt 0:05:51]} 11. Rc1 {[%emt 0:03:53]} a5 {[%emt 0:08:25]} 12. Bd3 {[%emt 0:00:37]} Nxc3 {[%emt 0:00:58]} 13. Qxc3 {[%emt 0:00:08]} dxc4 {[%emt 0:02:52]} 14. Qxc4 {[%emt 0:01:01]} e5 {[%emt 0:02:52]} 15. d5 {[%emt 0:10:50]} Na7 {[%emt 0:02:11]} 16. Be2 {[%emt 0:04:50]} c6 {[%emt 0:06:29]} 17. O-O {[%emt 0:00:35]} e4 {[%emt 0:06:36]} 18. Nd4 {[%emt 0:08:59]} Qg5 {[%emt 0:01:54]} 19. Rfd1 {[%emt 0:02:13]} cxd5 {[%emt 0:00:47]} 20. Qc7 {[%emt 0:02:17]} Nc6 {[%emt 0:09:50]} 21. Bb5 {[%emt 0:16:16]} Bg4 {[%emt 0:09:48]} 22. Bxc6 {[%emt 0:11:30]} bxc6 {[%emt 0:00:40]} 23. Qg3 {[%emt 0:02:33]} h6 {[%emt 0:02:26]} 24. h4 {[%emt 0:16:05]} Qh5 {[%emt 0:02:08]} 25. Rd2 {[%emt 0:00:13]} Bd7 {[%emt 0:02:51]} 26. Nxc6 {[%emt 0:04:56]} Rac8 {[%emt 0:01:23]} 27. Qd6 {[%emt 0:00:25]} Bxc6 {[%emt 0:02:49]} 28. Rxc6 {[%emt 0:00:04]} Qxh4 {[%emt 0:02:13]} 29. Qxd5 {[%emt 0:00:55]} Rxc6 {[%emt 0:02:15]} 30. Qxc6 {[%emt 0:00:04]} Rd8 {[%emt 0:06:57]} 31. g3 {[%emt 0:00:37]} Qe7 {[%emt 0:00:44]} 32. Rxd8+ {[%emt 0:00:18]} Qxd8 {[%emt 0:00:02]} 33. Qxe4 {[%emt 0:00:07]} Qd1+ {[%emt 0:00:43]} 34. Kg2 {[%emt 0:01:25]} Qb3 {[%emt 0:00:25]} 35. Qa8+ {[%emt 0:00:48]} Kh7 {[%emt 0:00:03]} 36. Qxa5 {[%emt 0:00:10]} Qb7+ {[%emt 0:00:22]} 37. Kg1 {[%emt 0:00:33]} Qxb2 {[%emt 0:00:14]} 38. Qf5+ {[%emt 0:00:23]} Kg8 {[%emt 0:00:03]} 39. Qc8+ {[%emt 0:00:14]} Kh7 {[%emt 0:00:02]} 40. Qa8 {[%emt 0:00:15]} h5 {[%emt 0:01:48]} 41. a4 {[%emt 0:01:25]} Qb1+ {[%emt 0:00:08]} 42. Kg2 {[%emt 0:00:08]} h4 {[%emt 0:00:57]} 43. g4 {[%emt 0:06:19]} f5 {[%emt 0:01:47]} 44. Qd5 {[%emt 0:01:03]} fxg4 {[%emt 0:01:31]} 45. Qh5+ {[%emt 0:00:08]} Kg8 {[%emt 0:00:03]} 46. Qe8+ {[%emt 0:00:37]} Kh7 {[%emt 0:00:04]} 47. Qh5+ {[%emt 0:00:08]} Kg8 {[%emt 0:00:01]} 48. Qxg4 {[%emt 0:00:13]} h3+ {[%emt 0:01:33]} 49. Kh2 {[%emt 0:01:00]} Qf1 {[%emt 0:01:18]} 50. Qf3 {[%emt 0:00:57]} Qc4 {[%emt 0:00:56]} 51. Qa8+ {[%emt 0:00:55]} Kh7 {[%emt 0:00:37]} 52. Kxh3 {[%emt 0:00:38]} Qe6+ {[%emt 0:00:21]} 53. Kh2 {[%emt 0:00:14]} Qd6+ {[%emt 0:01:18]} 54. f4 {[%emt 0:00:15]} Qd3 {[%emt 0:02:35]} 55. Qg2 {[%emt 0:01:18]} Kg8 {[%emt 0:00:10]} 56. e4 {[%emt 0:00:39]} Qe3 {[%emt 0:02:02]} 57. f5 {[%emt 0:00:37]} Qh6+ {[%emt 0:00:25]} 58. Kg3 {[%emt 0:00:14]} Qd6+ {[%emt 0:00:07]} 59. Kh4 {[%emt 0:00:47]} Qd8+ {[%emt 0:03:17]} 60. Kg4 {[%emt 0:00:13]} Qd1+ {[%emt 0:00:18]} 61. Kg5 {[%emt 0:00:31]} Qxa4 {[%emt 0:01:08]} 62. e5 {[%emt 0:00:17]} Qd4 {[%emt 0:00:41]} 63. Kg6 {[%emt 0:00:45]} Qb6+ {[%emt 0:00:51]} 64. e6 {[%emt 0:00:29]} Qd8 {[%emt 0:00:28]} 65. Qe4 {[%emt 0:00:54]} Qe8+ {[%emt 0:01:53]} 66. Kg5 {[%emt 0:00:01]} Qe7+ {[%emt 0:00:05]} 67. Kg4 {[%emt 0:00:09]} Kh8 {[%emt 0:00:14]} 68. Qh1+ {[%emt 0:01:21]} Kg8 {[%emt 0:00:02]} 69. Qh4 {[%emt 0:00:32]} Qb4+ {[%emt 0:00:13]} 70. Kh5 {[%emt 0:00:12]} Qb5 {[%emt 0:01:33]} 71. Qe4 {[%emt 0:00:26]} Qe8+ {[%emt 0:00:16]} 72. Kg4 {[%emt 0:00:07]} Qe7 {[%emt 0:00:09]} 73. Qd3 {[%emt 0:00:45]} g6 {[%emt 0:01:11]} 74. Qg3 {[%emt 0:00:58]} gxf5+ {[%emt 0:01:14]} 75. Kxf5+ {[%emt 0:00:03]} Kf8 {[%emt 0:00:06]} 76. Qb8+ {[%emt 0:00:11]} Qe8 {[%emt 0:01:08]} 77. Qd6+ {[%emt 0:00:13]} Qe7 {[%emt 0:00:17]} 78. Ke5 {[%emt 0:00:14]} Ke8 {[%emt 0:00:21]} 79. Qb8+ {[%emt 0:00:04]} Qd8 {[%emt 0:00:05]} 80. Qxd8+ {[%emt 0:00:05]} Kxd8 {[%emt 0:00:03]} 1-0

[Event "2nd China Binhai Open 2020"]
[Site "Tianjin"]
[Date "2020.01.13"]
[Round "2.3"]
[White "Zhu, Hengyi"]
[Black "Batchuluun, Tsegmed"]
[Result "0-1"]
[WhiteElo "2238"]
[BlackElo "2530"]
[Annotator "TA"]
[PlyCount "104"]
[EventDate "2020.01.13"]
[EventType "swiss"]
[EventRounds "9"]
[EventCountry "CHN"]

{[%evp 10,104,15,0,8,6,25,0,0,0,0,0,0,0,0,-15,0,-14,-10,-18,-10,-10,-7,0,0,0,6,0,4,0,2,6,18,0,0,-20,-19,-21,-27,-23,-22,-37,-18,-41,-33,-57,-52,-54,-60,-92,-96,-102,-111,-180,-173,-185,-177,-395,-184,-183,-179,-214,-215,-203,-197,-200,-192,-193,-187,-179,-184,-253,-185,-319,-298,-283,-286,-276,-298,-271,-251,-237,-236,-236,-233,-224,-223,-241,-243,-329,-332,-318,-292,-499,-287,-493,-493]} 1. e4 e5 2. Nf3 Nc6 3. Nc3 Nf6 4. Bb5 Nd4 5. Bc4 Nxf3+ 6. Qxf3 Bc5 {C48: Four Knights: 4 Bb5, replies other than 4...Bb4} (6... d6 7. d3 Be7 8. O-O c6 9. h3 b5 10. Bb3 O-O 11. Qe2 a5 12. a3 Nd7 13. Be3 Bg5 14. Ba2 Bxe3 15. Qxe3 {½-½ (53) Duda,J (2658)-Mamedyarov,S (2736) Berlin 2015}) 7. d3 d6 8. h3 c6 {The position is equal.} 9. O-O O-O $146 ({Predecessor:} 9... Qe7 10. Bb3 Be6 11. Be3 Nd7 12. Ne2 O-O 13. Ng3 {½-½ (33) Schmidt,J (2112)-Westphal,N (1965) Radebeul 2016}) 10. Ne2 h6 11. Ng3 d5 12. Bb3 Re8 13. Re1 Be6 14. Nf5 Bxf5 15. Qxf5 Qd6 16. Bd2 Rad8 17. Rad1 Re7 18. Qf3 Kh7 19. Bc1 Re6 20. c3 Bb6 21. exd5 cxd5 22. d4 e4 23. Qf5+ Kg8 24. Bf4 Qc6 {[#] And now ...g6 would win.} 25. h4 Bc7 26. Bxc7 Qxc7 27. h5 Qd7 28. Rd2 Ra6 $36 {[%mdl 2048] Black is more active.} 29. Qe5 Re8 30. Qh2 Qf5 31. c4 (31. Qh3 $17 {might work better.} Qg5 32. Qe3) 31... Nxh5 $19 32. cxd5 Nf4 {Threatens to win with ...Nxg2!} 33. Bc2 $2 {[#]} (33. Kf1 {was worth a try.}) 33... Qg5 (33... Nxg2 $142 $1 {[%mdl 512]} 34. Rxe4 (34. Qxg2 $2 Rg6 $19) (34. Kxg2 Qg5+) 34... Rxe4 35. Qb8+ Kh7) 34. Rdd1 f5 ({Worse is} 34... Nxd5 35. Rxe4 Rae6 36. Rxe6 $11) 35. Qg3 Rxa2 36. Rb1 Ra6 ({Not} 36... Nxd5 37. Qxg5 hxg5 38. Bb3 $16) 37. Qxg5 hxg5 38. g3 Nxd5 39. f3 {[%cal Rf3e4]} Nf6 40. g4 (40. fxe4 $142 fxe4 41. Re3) 40... g6 41. Kf2 (41. gxf5 $142 gxf5 42. fxe4) 41... Rd6 42. gxf5 gxf5 43. fxe4 Rxd4 44. Bb3+ Kf8 45. exf5 Rf4+ 46. Kg2 Rxf5 47. Rxe8+ Kxe8 {KRB-KRN} 48. Bc4 Kd7 49. b4 Nd5 50. Kg3 Kc6 51. Rc1 $2 (51. Rb3) 51... Kb6 (51... Nxb4 $142 {Strongly threatening ...Rc5.} 52. Bf1+ Kb6) 52. Bd3 $2 (52. Rb1) 52... Re5 {Accuracy: White = 36%, Black = 73%.} 0-1

[Event "2nd China Binhai Open 2020"]
[Site "Tianjin"]
[Date "2020.01.13"]
[Round "2.4"]
[White "Liu, Yan"]
[Black "Zhang, Xiao"]
[Result "1-0"]
[WhiteElo "2513"]
[BlackElo "2199"]
[Annotator "TA"]
[PlyCount "71"]
[EventDate "2020.01.13"]
[EventType "swiss"]
[EventRounds "9"]
[EventCountry "CHN"]

{[%evp 19,71,5,33,21,35,14,28,11,40,44,40,46,44,42,62,45,72,11,34,28,75,78,106,44,52,54,87,72,92,71,68,68,94,94,94,94,95,95,94,87,180,180,281,291,607,607,607,603,553,598,690,676,29962,29958]} 1. Nf3 d5 2. e3 Nf6 3. c4 e6 4. Nc3 Be7 5. b3 O-O 6. Bb2 b6 7. g3 Bb7 8. Bg2 Nbd7 9. O-O c5 10. Qe2 Ne4 11. Rfd1 {A14: English Opening: 1...e6 with b3 by White} (11. cxd5 exd5 12. d4 Ndf6 13. Rfd1 Nxc3 14. Bxc3 Ne4 15. Bb2 Bf6 16. Rac1 Rc8 17. Ne5 cxd4 18. Bxd4 Qe7 19. Qb2 Rxc1 20. Rxc1 {1-0 (106) Fridman,D (2616)-Triapishko,A (2502) Moscow 2019}) 11... Rc8 12. Rac1 Bf6 13. cxd5 {White has an edge.} exd5 14. d4 Re8 15. Bh3 $146 ({Predecessor:} 15. dxc5 Nxc3 16. Bxc3 bxc5 17. Ne1 Bxc3 18. Rxc3 Nf6 {1-0 (48) Mallahi,A (2419)-Akbarinia,S (2249) Iran 2005}) 15... Nxc3 16. Bxc3 Rc7 17. Qb2 Nf8 18. Qa3 ({White should try} 18. dxc5 $16 Bxc3 19. Rxc3 (19. Qxc3 Rxc5 20. Qb2 Rxc1 $14)) 18... c4 19. Bg2 a6 20. Nd2 Qc8 21. Qb2 (21. bxc4 $16 dxc4 22. e4) 21... cxb3 22. Qxb3 b5 23. Qb2 Qd7 24. Ba5 Rxc1 25. Rxc1 {Rc7 is the strong threat.} Rc8 26. Rxc8 Qxc8 27. Nb1 Bd8 28. Bxd8 Qxd8 29. Nc3 Qa5 (29... Ne6 $16 {was necessary.}) 30. Bxd5 $18 b4 (30... Bc8 $142) 31. Qb3 ({But not} 31. Bxb7 $6 bxc3 32. Qb3 Qc7 $16) 31... bxc3 $2 (31... Ne6 32. Bxe6 (32. Bxb7 bxc3 33. Be4 g6 $16) 32... fxe6 33. Qxe6+ Kf8 34. Qd6+ Kf7 35. Qd7+ Kf8 36. Qd6+ Kf7 37. Qd7+ Kf8 38. Qd6+) 32. Bxf7+ ({Less strong is} 32. Bxb7 Qc7 $16) 32... Kh8 {[#] White must now prevent ...c2!} 33. Qxb7 {Threatening mate with Qe7.} Qf5 34. Bb3 h6 35. Qc6 Qd3 36. Qd5 {Accuracy: White = 63%, Black = 19%.} 1-0

[Event "2nd China Binhai Open 2020"]
[Site "Tianjin"]
[Date "2020.01.13"]
[Round "2.5"]
[White "Xu, Jialun"]
[Black "Dai, Changren"]
[Result "1-0"]
[WhiteElo "2166"]
[BlackElo "2511"]
[Annotator "TA"]
[PlyCount "117"]
[EventDate "2020.01.13"]
[EventType "swiss"]
[EventRounds "9"]
[EventCountry "CHN"]

{[%evp 11,117,-23,-17,-64,-27,-14,-10,-9,-16,0,-15,-5,1,-29,-20,-18,-15,-18,0,0,0,0,0,0,0,0,46,53,55,39,127,81,68,73,92,81,102,0,102,89,110,91,127,109,139,85,113,79,191,123,140,90,90,87,89,87,68,0,0,0,0,0,0,0,0,0,0,0,8,0,112,117,132,121,132,127,132,125,125,125,203,203,196,200,299,253,531,516,601,675,665,609,29975,567,29970,29973,29971,29972,29972,29973,29973,29974,29974,29975,29973,29976,29974,29976]} 1. c4 e6 2. g3 Nf6 3. Bg2 d5 4. Nf3 dxc4 5. O-O a6 6. a4 Nc6 7. Qc2 {A13: English Opening: 1...e6} (7. Na3 Bxa3 8. bxa3 O-O 9. Bb2 Rb8 10. Rc1 b5 11. axb5 axb5 12. d3 Na5 13. Qc2 Bb7 14. Rfd1 Qe7 {1-0 (76) Iturrizaga Bonelli,E (2629)-Kazhgaleyev,M (2569) chess24.com INT 2019}) 7... Na5 8. Na3 Qd5 9. Rd1 {The position is equal.} Bd6 10. d3 cxd3 11. Rxd3 Qh5 12. Bf4 $146 ({Predecessor:} 12. Bd2) 12... Bxf4 $1 13. gxf4 Nc6 {aiming for ...Nb4.} 14. Qd2 Ne4 15. Qe3 Nd6 16. Ne5 O-O $1 17. Nxc6 bxc6 18. Rc1 a5 19. Qe5 $36 {[%mdl 2048] White has some pressure.} Nf5 20. Bxc6 Ra6 ({Black should play} 20... Rb8 $14) 21. Qxc7 {Threatens to win with Rd8.} Rxc6 22. Qxc6 Qxe2 23. Rcd1 $1 {Hoping for Rd8.} Ne7 24. Qc5 (24. Qf3 $16 Qxb2 25. Rd8 {[%mdl 64] Back Rank}) 24... Nd5 (24... Qg4+ $11 {keeps the balance.} 25. Kf1 Ba6) 25. Qd4 $16 g6 26. Nb5 Bb7 27. Nc3 Qh5 {and if ...Nxc3 works, Black does fine.} 28. Nxd5 (28. h3 $142) 28... Bxd5 29. Rc1 h6 (29... Bf3 $16 {was worth a try.}) 30. Rg3 (30. h3 $1 $18) 30... Rb8 31. h3 {Strongly threatening Rgc3.} Qf5 32. Qe5 Qxe5 33. fxe5 Rxb2 {[%mdl 4096] Endgame KRR-KRB} 34. Ra1 ({Better is} 34. Ra3 $1 $14) 34... Rc2 $11 35. Re3 g5 36. Rd3 Kg7 37. Rad1 Rc5 38. Rd4 Kg6 39. f4 Bc6 40. Rf1 Bd5 (40... Rc2 $11 41. Rf2 Rc1+ 42. Rf1 Rc2) 41. fxg5 $16 hxg5 42. Rf6+ $1 Kh5 43. Rxf7 Rc1+ 44. Kf2 Rc2+ 45. Ke1 Kg6 (45... Rc1+ $16 {was necessary.} 46. Kd2 Ra1) 46. Rf6+ $18 Kh5 {[#]} 47. Rf8 $1 Rb2 {[#]} (47... Ra2 {is a better defense.} 48. Rg4 Ra1+ 49. Kd2 Ra2+ 50. Kc1 Ra1+ 51. Kb2 Ra2+ 52. Kb1 Rh2 53. Rh8+ Kg6 54. Rg8+ Kh6 55. R4xg5 Be4+ 56. Ka1 Rxh3) 48. Rg4 $1 Kh6 $2 (48... Ra2 49. Rh8+ Kg6 50. Rg8+ Kh6) 49. Rh8+ Kg7 50. Rh5 Kf7 {intending ...Bf3.} 51. Rhxg5 {Threatening mate with Rg8.} Ke8 52. Rg7 (52. Rg8+ $142 Kd7 53. R4g7+ Kc6 54. Rc8+ Kb6 55. Rb8+ Kc5 56. Rxb2 Bf3 57. Ra7) 52... Rb3 53. Rg8+ {White mates.} Kd7 54. R4g7+ Kc6 55. Rc8+ Kb6 56. Rb8+ Kc5 57. Rxb3 Bxb3 58. h4 Kd5 59. h5 {Accuracy: White = 70%, Black = 42%.} 1-0